000 00232 a2200097 4500
001 24909
100 _aCooke-yarborough, E.H
245 _aIntroduction to transistor circuits, an
260 _a
_bOliver
_c1960
090 _c16857
_d16857
942 _aNUST-CAE
_cM
_c7621
999 _c259982
_d259982